| 000 | 00584nam a2200229 a 4500 | ||
|---|---|---|---|
| 001 | nice12345678 | ||
| 003 | IN_TiNIC | ||
| 005 | 20260116014954.0 | ||
| 008 | 050524s1998 u sa grp 000 0 eng | ||
| 020 |
_a0800623 _c100 |
||
| 082 | 0 | 0 |
_a230.41 _bBLO |
| 100 | _aBloomquist, Karen L | ||
| 245 | _aPromise of Lutheran Ethics | ||
| 260 |
_aU S a _bFortress Press _c1998 |
||
| 300 | _a247p | ||
| 500 | _aincludes index and biblioraphy | ||
| 505 | 2 | _aNotes, Index, Bibliography | |
| 650 | _aLutheran Church-Ethics | ||
| 902 | _bSRS | ||
| 942 | _cBK | ||
| 999 |
_c17777 _d17777 |
||